000 00571nam a22001937a 4500
003 OSt
005 20171027145729.0
008 170224b xxu||||| |||| 00| 0 eng d
020 _a9780850038897
040 _cDDC.
082 _a530.12DES 2010.
100 _aBrown,David;
_94137
245 _aLegal Timber:
_bVerification and Governance in the Forest sector /
260 _aLondon.
_bOverseas Development Institute.
_c2010.
300 _axix,331p;
_bill;
_c24cm.
504 _aincludes Appendix,References and index.
650 _aForestry.
_98413
942 _2ddc
_cO_SHELF
999 _c5579
_d5579